| 000 | 00716nam a22002177a 4500 | ||
|---|---|---|---|
| 003 | OSt | ||
| 005 | 20251217013506.0 | ||
| 008 | 251217b |||||||| |||| 00| 0 eng d | ||
| 020 | _a9812-53-060-6 | ||
| 040 |
_aDWC-Main lib. _cOC |
||
| 082 |
_24th edition. _aCirc. 629.8 N724 2004 |
||
| 100 | _aNise, Norman S. | ||
| 245 |
_aControl systems engineering/ _cNorman S. Nise |
||
| 260 |
_a(S.I.) : _bJohn Wiley and Sons, Inc., _cc2004. |
||
| 300 |
_axxii, 983 p. : _billustrations ; _c24 cm. + 2 CD ROM |
||
| 504 | _aIncludes bibliographical references and index. | ||
| 650 | _a1. Automatic control. | ||
| 650 | _a2. Systems engineering. | ||
| 760 | _b4th edition. | ||
| 942 |
_2ddc _cBK-CIRC _e4th edition. _kCirc. _n0 |
||
| 999 |
_c7150 _d7150 |
||